| 000 | 00445cam a2200145u 4500 | ||
|---|---|---|---|
| 082 |
_a624.154 _bMIN _cL-14, P-62. |
||
| 100 | 1 |
_aMinikin, Robert C. Royal. [from old catalog] _942647 |
|
| 245 | 0 | 0 | _aPiling for foundations. |
| 260 |
_aLondon, _bC. Lockwood, _c1948. |
||
| 300 |
_aviii, 196 p. _billus. _c23 cm. |
||
| 526 |
_a0 _b0 _c0 _d624_154000000000000_MIN |
||
| 650 | 0 |
_aMCE _9379 |
|
| 650 | 0 |
_aPiling (Civil engineering) _926808 |
|
| 942 |
_2ddc _cBK |
||
| 999 |
_c546502 _d546502 |
||